000 01324cam a2200397 4500
999 _c23251
_d23251
001 vtls011830017
005 20220428130940.0
008 210105s2018 xo gr 010 fdslo
020 _a9788022020985
_q(viazané)
035 _a2347DD2D-2622-4391-A46A-36FC1701FBE8
035 _aurn:nbn:sk:snk-am3icpv
035 _aurn:nbn:sk:snk-am00e3m4
040 _aSVKBB
_bslo
_cSVKBB
_dSNK
_erda
041 0 _aslo
044 _axo
_cSK
072 7 _a821.162.4-3
_xSlovenská próza
_2konspekt
080 _a821.162.4-31
_22011
080 _a(0:82-311.6)
_22011
080 _a(0:82-312.5)
_22011
100 1 _aBrestenská, Kristína
_4aut
_93069
245 1 0 _aOchranca
_cKristína Brestenská
264 1 _aBratislava
_bSlovenský spisovateľ, a.s.
_c2018
300 _a343 strán
_c21 cm
336 _atext
_btxt
_2rdacontent
337 _abez média
_bn
_2rdamedia
338 _azväzok
_bnc
_2rdacarrier
655 7 _aslovenské romány
_2SNKPH
_91694
655 7 _aSlovak fiction
_2SNKPHeng
_91695
655 7 _ahistorické romány
_2SNKPH
_91688
655 7 _aHistorical novels
_2SNKPHeng
_91689
655 7 _aľúbostné romány
_2SNKPH
_913
655 7 _aLove novels
_2SNKPHeng
_91667
700 1 _aBrestenská, Kristína
_tGrófov syn
_93070
958 _aLX